Wszystkie Ulice po Których Jadą Autobusy w Warszawie cz.3 - Statystyki

Ogólne statystyki
  • Ten quiz został rozwiązany 12 razy
  • Średni wynik to 93 z 496
Statystyki odpowiedzi
Linie Ulice % Poprawnych
187 | 191 | 207 | +2 others Aleje Jerozolimskie
64%
192 | 209 | 218 | +2 others Puławska
55%
192 | 193 | 209 | +2 others Aleja KEN
45%
187 Czerniakowska
45%
189 | 190 | 201 Górczewska
45%
197 Aleja Armii Krajowej
36%
187 | 188 Aleja Armii Ludowej
36%
200 Aleja Niepodległości
36%
189 | 192 | 200 | +4 others Aleja Wilanowska
36%
222 Bielańska
36%
193 Bokserska
36%
191 | 207 | 220 Dzieci Warszawy
36%
192 | 217 | 263 | 319 Gandhi
36%
197 Gwiaździsta
36%
189 Hynka
36%
255 Kasprzaka
36%
199 | 204 | 212 | +4 others Kondratowicza
36%
197 | 249 Księcia Janusza
36%
202 Lubelska
36%
222 Marszałkowska
36%
187 | 194 Orląt Lwowskich
36%
194 Połczyńska
36%
189 | 201 | 220 | 249 Powstańców Śląskich
36%
200 | 251 | 264 | 319 Przyczółkowa
36%
189 Sasanki
36%
202 Targowa
36%
187 | 194 | 220 Aleja 4 Czerwca 1989 roku
27%
220 | 317 Aleja Krakowska
27%
189 | 193 | 317 Aleja Lotników
27%
190 Aleja ,,Solidarności"
27%
188 Aleja Stanów Zjednoczonych
27%
197 Aleja Zjednoczenia
27%
191 | 208 Bitwy Warszawskiej 1920 roku
27%
199 | 212 | 245 Chodecka
27%
192 | 193 Ciszewskiego
27%
203 Conrada
27%
192 | 217 | 263 Cynamonowa
27%
189 | 249 Człuchowska
27%
189 Globusowa
27%
191 | 208 Grójecka
27%
190 | 197 Jana Olbrachta
27%
203 | 210 | 250 | 303 Kasprowicza
27%
187 Kopińska
27%
222 Krakowskie Przedmieście
27%
189 | 220 | 249 Lazurowa
27%
187 | 189 Łopuszańska
27%
212 | 256 Malborska
27%
225 Marsa
27%
189 Marynarska
27%
211 | 233 Mehoffera
27%
199 | 245 Młodzieńcza
27%
211 | 233 | 314 Modlińska
27%
193 Modzelewskiego
27%
189 | 193 | 317 Nowoursynowska
27%
222 Nowy Świat
27%
197 | 201 Obrońców Tobruku
27%
193 Orzycka
27%
201 Piastów Śląskich
27%
191 Plac Narutowicza
27%
303 Plac Wilsona
27%
192 | 209 | 263 Płaskowickiej
27%
197 Podleśna
27%
191 | 228 Popularna
27%
187 | 263 Powsińska
27%
255 Prosta
27%
192 Przy Bażantarni
27%
199 | 212 | 262 Radzymińska
27%
191 | 207 Regulska
27%
192 | 319 Rosoła
27%
221 Rydygiera
27%
187 | 207 | 220 Ryżowa
27%
202 Sokola
27%
203 | 210 Sokratesa
27%
222 Spartańska
27%
211 | 233 | 314 Światowida
27%
187 | 189 | 263 Świętego Bonifacego
27%
212 | 262 Trocka
27%
189 | 193 | 317 Wałbrzyska
27%
213 | 319 Wał Miedzeszyński
27%
187 | 188 Wawelska
27%
192 Wąwozowa
27%
220 Wrocławska
27%
188 | 228 Żwirki i Wigury
27%
196 | 199 | 225 Aleja Generała Antoniego Chruściela ,,Montera"
18%
193 Aleja Jana Rodowicza ,,Anody"
18%
217 Aleja Rzeczypospolitej
18%
222 Aleje Ujazdowskie
18%
188 Benetta
18%
204 | 226 | 234 | 256 Berensona
18%
202 Bliska
18%
217 | 263 | 319 Branickiego
18%
233 Bukowska
18%
202 Chodakowska
18%
196 Cyrulików
18%
199 | 225 Czwartaków
18%
263 Dereniowa
18%
189 | 317 Dolina Służewiecka
18%
218 | 308 Domaniewska
18%
200 | 251 | 264 Drewny
18%
189 | 194 Dźwigowa
18%
250 Estrady
18%
207 Gierdziejewskiego
18%
204 | 212 | 240 | 256 Głębocka
18%
193 Gotarda
18%
209 | 239 Herbsta
18%
198 Jana Pawła II
18%
193 Jastrzębowskiego
18%
305 Kajki
18%
187 | 194 Keniga
18%
233 Kępa Tarchomińska
18%
187 | 189 Kleszczowa
18%
191 Kompanii AK ,,Kordian"
18%
199 Krasnobrodzka
18%
197 | 201 Księcia Bolesława
18%
203 Księżycowa
18%
204 | 226 Łabiszyńska
18%
190 Leszno
18%
245 | 262 Łodygowa
18%
213 Lucerny
18%
188 | 202 Makowska
18%
197 | 303 Marymoncka
18%
314 Marywilska
18%
211 Milenijna
18%
188 Most Łazienkowski
18%
211 | 314 Myśliborska
18%
201 | 249 Obozowa
18%
211 | 233 Ordonówny
18%
319 Patriotów
18%
197 | 303 Perzyńskiego
18%
222 Piękna
18%
222 Plac Bankowy
18%
314 Płochocińska
18%
305 Płowiecka
18%
187 | 220 Poczty Gdańskiej
18%
311 Poligonowa
18%
221 Powązkowska
18%
191 Pużaka
18%
220 Radiowa
18%
192 | 263 | 319 Rotmistrza Witolda Pileckiego
18%
317 Rzymowskiego
18%
187 | 191 | 207 Sławka
18%
212 Starzyńskiego
18%
314 Świderska
18%
228 Świerszcza
18%
212 Świętego Wincentego
18%
188 | 202 Szaserów
18%
226 Toruńska
18%
194 | 207 | 228 Traktorzystów
18%
213 Umińskiego
18%
263 Vogla
18%
222 Waryńskiego
18%
187 | 194 Wojciechowskiego
18%
210 | 250 Wólczyńska
18%
218 Wołoska
18%
218 | 222 | 308 Woronicza
18%
188 Zakole
18%
202 Zamoyskiego
18%
256 Zaułek
18%
220 Żołnierzy Wyklętych
18%
198 1 Praskiego Pułku Wojska Polskiego
9%
228 1 Sierpnia
9%
311 Abrahama
9%
319 Aleja Dzieci Polskich
9%
189 Aleja Generała Władysłąwa Sikorskiego
9%
203 | 210 | 250 Aleja Generał Marii Wittek
9%
211 | 233 Aluzyjna
9%
314 Annopol
9%
210 Arkuszowa
9%
198 Armii Krajowej
9%
263 Augustówka
9%
204 | 234 | 314 Białołęcka
9%
187 Bohaterów Warszawy
9%
189 Bolesława Chrobrego
9%
303 Broniewskiego
9%
213 Bysławska
9%
213 Bystrzycka
9%
225 Chełmżyńska
9%
197 | 201 Ciołka
9%
317 Cybernetyki
9%
305 Czecha
9%
196 Czerwonych Beretów
9%
201 | 249 Deotymy
9%
211 Dorodna
9%
202 Dwernickiego
9%
194 | 255 Fort Wola
9%
196 Frontowa
9%
213 | 225 | 311 Generała Augusta Emila Fieldorfa ,,Nila"
9%
197 Generała Stanisława Maczka
9%
213 | 225 | 311 Generała Tadeusza Bora-Komorowskiego
9%
212 Gilarska
9%
198 Głowackiego
9%
311 Grenadierów
9%
212 Handlowa
9%
213 Izbicka
9%
212 Jórskiego
9%
311 Jugosłowiańska
9%
204 | 234 Juranda ze Spychowa
9%
213 Kadetów
9%
194 Kadłubka
9%
226 | 234 Kąty Grodziskie
9%
212 Kołowa
9%
317 Komitetu Obrony Robotników
9%
305 Korkowa
9%
187 | 207 Kościuszki
9%
305 Kościuszkowców
9%
221 | 303 Krasińskiego
9%
239 Krasnowolska
9%
194 Księdza Juliana Chrościńskiego
9%
203 Kwitnąca
9%
187 Lalki
9%
213 Łasaka
9%
222 Malczewskiego
9%
212 Matki Teresy z Kalkuty
9%
311 Meissnera
9%
202 Mińska
9%
213 Młoda
9%
198 Moniuszki
9%
213 Mrówcza
9%
212 Namysłowska
9%
197 | 249 Newelska
9%
311 Nowaka-Jeziorańskiego
9%
314 Odlewnicza
9%
194 Orłów Piastowskich
9%
212 Ossowskiego
9%
199 | 225 Paderewskiego
9%
212 Plac Generała Józefa Hallera
9%
222 Plac Teatralny
9%
187 Podpułkownika Mieczysława Sokołowskiego ,,Grzymały"
9%
311 Podskarbińska
9%
319 Południowa Obwodnica Warszawy
9%
211 Pomorska
9%
314 Porajów
9%
207 Posag 7 Panien
9%
221 Przasnyska
9%
319 Przewodowa
9%
303 Przy Agorze
9%
303 Pułkowa
9%
218 | 308 Racjonalizacji
9%
190 Radyzmińska
9%
197 Redutowa
9%
239 Romera
9%
212 Samarytanka
9%
220 Środkowa
9%
202 Stanisławowska
9%
190 Strąkowa
9%
233 | 314 Świętosławskiego
9%
228 Sympatyczna
9%
263 Syta
9%
207 Szamoty
9%
220 Szyszkowa
9%
262 Tarnogórska
9%
213 Techniczna
9%
213 | 305 Trakt Lubelski
9%
213 Walcownicza
9%
228 Wałowicka
9%
187 | 194 | 200 | 251 Warszawska
9%
250 | 303 Wóycickiego
9%
202 Zamoście
9%
194 Zdobnicza
9%
234 Zdziarska
9%
319 Żegańska
9%
211 Żerańska
9%
194 Zielonej Gęsi
9%
202 Żupnicza
9%
305 Zwoleńska
9%
305 Alpejska
0%
209 Baletowa
0%
220 Bodycha
0%
234 Chudoby
0%
228 Cienista
0%
222 Curie
0%
234 | 314 Daniszewska
0%
211 | 233 Dzierzgońska
0%
303 Dzierżoniowska
0%
249 Generała Meriana Caldweila Coopera
0%
314 Hemara
0%
255 Hubalczyków
0%
228 Instalatorów
0%
255 Jana Kazimierza
0%
218 | 308 Konstruktorska
0%
221 Księdza Romana Indrzejczyka
0%
204 | 240 | 256 Lewandów
0%
213 Narcyzowa
0%
213 Ochocza
0%
250 Opłotek
0%
201 Osmańczyka
0%
204 | 226 | 234 | 314 Ostródzka
0%
225 Otrobramska
0%
250 Palisadowa
0%
213 Panny Wodnej
0%
207 | 228 Plac Czerwca 1976 roku
0%
228 Potrzebna
0%
262 Potulicka
0%
207 Prystora
0%
264 Przekorna
0%
233 Przyzrecze
0%
209 Roentgena
0%
264 Rosochata
0%
212 Skoczylasa
0%
207 | 220 Skoroszewska
0%
204 Skośna
0%
305 Skrzyneckiego
0%
263 Spiralna
0%
207 Spisaka
0%
207 | 220 Starodęby
0%
225 Strażacka
0%
218 | 308 Suwak
0%
239 Taneczna
0%
228 Techników
0%
212 Unickiego
0%
208 Włodarzewska
0%
213 Zagórzańska
0%
263 Zawodzie
0%
303 Żubrowa
0%
Nie znaleziono quizów pasujących do podanych kryteriów
Rozkład punktacji
Procent ludzi z każdym wynikiem
Percentyl według liczby udzielonych odpowiedzi
Twoja historia wyników
Nie rozwiązałeś tego quizu